| 000 | 01698nam a2200337 i 4500 | ||
|---|---|---|---|
| 001 | nkc20253705688 | ||
| 003 | CZ PrSKC | ||
| 005 | 20260415092516.0 | ||
| 007 | ta | ||
| 008 | 250825s2025 xr g 000 f cze | ||
| 020 | _a9788027612758 | ||
| 040 |
_aABG001 _bcze _erda |
||
| 041 | 1 |
_acze _heng |
|
| 072 | 7 |
_a821.111-3 _xAnglická próza, anglicky psaná _2Konspekt |
|
| 080 |
_a821.111-31 _2MRF |
||
| 080 |
_a(0:82-312.4) _2MRF |
||
| 100 | 1 |
_aOsman, Richard, _d1970- _4aut _916834 |
|
| 240 | 1 | 0 |
_aThursday murder club. _lČesky |
| 245 | 1 | 0 |
_aČtvrteční klub amatérských detektivů / _cRichard Osman ; z anglického originálu The Thursday murder club ... přeložila Eva Brožová |
| 250 | _aVydání druhé, v nakladatelství Slovart první | ||
| 264 | 1 |
_aPraha : _bSlovart, _c2025 |
|
| 300 |
_a390 stran ; _c22 cm |
||
| 520 | 2 |
_aÚsměvně laděná detektivka britského autora představuje neobvyklou čtveřici pátračů. _bV poklidné vesnici pro penzisty se jednou týdně scházejí čtyři přátelé, aby vyšetřili nevyřešené vraždy. Když je však místní developer nalezen mrtev, „Čtvrteční klub amatérských detektivů“ se ocitne uprostřed svého prvního skutečného případu. Čtveřici přátel, Elizabeth, Joyce, Ibrahimovi a Ronovi, možná táhne na osmdesát, ale pořád ještě mají pár es v rukávu. Dokáže naše velice neobvyklá, ale důvtipná partička chytit zabijáka, dřív než bude pozdě? Nakladatelská anotace. |
|
| 655 | 7 | _aanglické romány | |
| 655 | 7 | _adetektivní romány | |
| 655 | 9 | _aEnglish fiction | |
| 655 | 9 | _adetective novels | |
| 700 | 1 |
_aBrožová, Eva _4trl _9837 |
|
| 910 | _aABG508 | ||
| 999 |
_c34169 _d34169 |
||